Principes et méthodes du commentaire de cartes aux concours

-д хадгалсан:
Номзүйн дэлгэрэнгүй
Үндсэн зохиолч: Défossé, Jacques (Зохиогч)
Формат: Ном
Хэл сонгох:франц
Хэвлэсэн: París Presses Universitaires de France 1996
Цуврал:Collection Major
Нөхцлүүд:
Шошгууд: Шошго нэмэх
Шошго байхгүй, Энэхүү баримтыг шошголох эхний хүн болох!

MARC

LEADER 00000cam a2200000 a 4500
001 UCF5322
003 CL-VaPUC
008 130307e19960000FR |||||||||||||||||fre|d
020 |a 9782130546313 
082 0 4 |a 912  |b DEF  |2 21 
100 0 |a Défossé, Jacques  |e author  |9 567127 
245 1 0 |a Principes et méthodes du commentaire de cartes aux concours 
300 |a 210 p 
942 |c BK 
945 |d 20130307 00:00:00  |a dcastane 
260 |a París  |b Presses Universitaires de France  |c 1996 
650 0 |a Cartografía   |9 266055 
650 0 |a Geografía  |9 259346 
650 0 |a Zonas geográficas   |9 353991 
583 |a last modification  |c 20130307 11:37:00  |k Rodrigo Vera 
490 0 |a Collection Major 
999 |c 350871  |d 350869 
952 |0 0  |1 0  |4 0  |6 912_000000000000000_DEF_1996  |7 0  |8 A  |9 454608  |a BIBING  |b BIBING  |d 2019-11-22  |i 4948769  |o 912 DEF 1996  |p 4948769  |r 2025-01-20  |w 2019-11-22  |y BK  |k GEO